Macroeconomic management in Southeast Asia's : transitional economies.
| Other Authors: | , |
|---|---|
| Format: | Book |
| Published: |
Kuala Lumpur:
Asian and Pacific Development Centre,
1995.
|
| Subjects: |
| LEADER | 00567cam a2200181 7i4500 | ||
|---|---|---|---|
| 001 | 0000004928 | ||
| 005 | 19991025090000.0 | ||
| 002 | ##000006493 | ||
| 020 | 0 | 0 | |a 967 9928 46 2 |
| 090 | 0 | 0 | |a B 339 |b MON |
| 245 | 0 | 0 | |a Macroeconomic management in Southeast Asia's : |b transitional economies. |
| 260 | 0 | 0 | |a Kuala Lumpur: |b Asian and Pacific Development Centre, |c 1995. |
| 300 | 0 | 0 | |a 347 p.. |
| 650 | 0 | 0 | |a Macroeconomic management |
| 651 | 0 | 0 | |a Southeast Asia |
| 700 | 1 | 1 | |a Reyes, |h Romeo A. |
| 700 | 1 | 1 | |a Tambunlertchai |
| 999 | |a 0000006630 |b Book |c Open shelf |e Business Information Centre | ||